000 nam a22 7a 4500
999 _c8976
_d8976
008 180122b ||||| |||| 00| 0 eng d
100 _aSharma.S.N.
_95276
245 _aLet's Mathematics
260 _aNew Delhi
_bNCERT
_c2003